000 00335 a2200157 4500
001 48130
020 _a9781405495356
040 _cAnchieta - Aquarius
100 _aShoshan, Beth
240 1 0 _aCuddle!
_lpor
245 1 0 _aCuddle!
300 _a25
362 0 _a2010
650 4 _aLiteratura infanto-juvenil em inglês
942 _cBK
999 _c48130
_d48130